000 00315nam a2200133 a 4500
005 20140414131938.0
008 110125s19uu xx 00 eng d
050 _aER
_bAr1 2001
100 _aBrown, Marc
245 _aArthur the brave.
440 _aArthur's family values
650 _aBravery
999 _c112519
_d112519